000 00723cam a22002533a 4500
001 4099
003 PGUSA
005 20140828083048.0
008 030501s2003||||xxu|||||s|||||000 p eng d
040 _aPGUSA
_beng
042 _adc
050 4 _aPR
100 1 _aPatmore, Coventry,
_d1823-1896
245 1 4 _aThe Angel in the House
_h[electronic resource] /
_cCoventry Patmore
260 _bProject Gutenberg,
_c2003
506 _aPublic domain in the USA.
516 _aElectronic text
653 _aHusband and wife -- Poetry
653 _aMarriage -- Poetry
653 _aWomen -- Conduct of life -- Poetry
830 0 _aProject Gutenberg
_v4099
856 4 0 _uhttp://www.gutenberg.org/ebooks/4099
942 _cEB
999 _c233428
_d233428